Personnel and human resource management (Record no. 67195)

MARC details
000 -LEADER
fixed length control field 00368nam a2200145Ia 4500
008 - FIXED-LENGTH DATA ELEMENTS--GENERAL INFORMATION
fixed length control field 230917s9999||||xx |||||||||||||| ||und||
040 ## - CATALOGING SOURCE
-- 76783
Original cataloging agency VIVEKANANDA LIBRARY
041 ## - Language
-- English
082 ## - DDC NUMBER
Classification number 658.3 S74P
100 ## - MAIN ENTRY--PERSONAL NAME
Personal name Sarma, A M
245 #0 - TITLE STATEMENT
Title Personnel and human resource management
260 ## - PUBLICATION, DISTRIBUTION, ETC. (IMPRINT)
Place of publication, distribution, etc Bombay
Name of publisher, distributor, etc Himalaya Publishing House
Date of publication, distribution, etc 1995
300 ## - PHYSICAL DESCRIPTION
Pages 216 p.
942 ## - ADDED ENTRY ELEMENTS (KOHA)
Koha item type Books
Holdings
Withdrawn status Lost status Source of classification or shelving scheme Damaged status Not for loan Location (home branch) Sublocation or collection (holding branch) Shelving location Date acquired Koha issues (times borrowed) Koha full call number Accession No. Koha date last seen Koha item type
Withdrawn   Dewey Decimal Classification Damaged   VIVEKANANDA LIBRARY VIVEKANANDA LIBRARY IMSAR Library 28/02/2003   658.3 S74P 139923 17/09/2023 Books
          VIVEKANANDA LIBRARY VIVEKANANDA LIBRARY IMSAR Library 28/02/2003   658.3 S74P 139924 17/09/2023 Books
          VIVEKANANDA LIBRARY VIVEKANANDA LIBRARY IMSAR Library 28/02/2003   658.3 S74P 139925 17/09/2023 Books
Withdrawn   Dewey Decimal Classification Damaged   VIVEKANANDA LIBRARY VIVEKANANDA LIBRARY IMSAR Library 28/02/2003   658.3 S74P 139926 17/09/2023 Books
© Designed and Maintained by Vivekananda Library, MDU Rohtak